Statistics for Gino D'Acampo Quiz

Click here to take the quiz!

General Stats

  • This quiz has been taken 11 times
  • The average score is 8 of 14

Answer Stats

HintAnswer% Correct
Years served in prison after burgling Paul Young's home2
86%
Number of children3
86%
Birth CountryItaly
86%
Country he moved to in 1995United Kingdom
86%
"If my grandmother had wheels she'd have been a ____!"Bike
71%
TV program in which D'Acampo is a regular chefThis Morning
71%
Birth CityNaples
57%
Full first nameGennaro
43%
After losing a bet, Gino had to cook on TV wearing thisNothing (naked)
43%
Sport that Gino notably enjoysRugby
43%
High School GPA2.8
29%
Pixar film he stars inLuca
29%
MIddle nameSheffield
29%
Gino's wifeJessica Stellina Morrison
14%

Score Distribution

Percentile by Number Answered

Percent of People with Each Score

Your Score History

You have not taken this quiz